| 000 | 01429nam a22002657a 4500 | ||
|---|---|---|---|
| 001 | 3597 | ||
| 003 | FISKH | ||
| 005 | 20260326163317.0 | ||
| 008 | 240322b cb ||||| |||| 00| 0 eng d | ||
| 020 | _a9789996333378 | ||
| 040 |
_aFISKH _bkhr _cFISKH _dFISKH |
||
| 050 | _aPZ7 | ||
| 082 | _a423.1 | ||
| 100 | _aSokheng, Kong | ||
| 245 |
_aសទិសសូរ និង ពហុន័យ ក្នុងភាសាខ្មែរ / _bជំនួយស្មារតី : _cរៀបរៀងនិងចងក្រងដោយ គង់ សុខហេង |
||
| 250 | _aបោះពុម្ពលើកទីពី នៅឆ្នាំ ២០១៤ | ||
| 260 |
_aភ្នំបេញ : _bរោងពុម្ព ពេជ្រណែត, _c២០០៧ |
||
| 300 |
_a279 pages : _c21 cm |
||
| 520 | _aជាប្រភេទវច្ចនានុក្រមខ្មែរដែលរៀបរៀងឡើងអំពី ពាក្យដែលមានសូរ សម្លេងនៅក្នុងការអានដូចគ្នា តែមានអត្តន័យផ្សេងគ្នា។ | ||
| 520 | _aA type of Khmer dictionary that is composed of words that sound the same in reading but have different meanings. | ||
| 650 | _aសៀវភៅវច្ចនានុក្រមខ្មែរ | ||
| 650 | _aKhmer Dictionary | ||
| 942 |
_2ddc _cKHB _n0 |
||
| 999 |
_c3597 _d3597 |
||